000 02144cam a22006254i 4500
003 PE-LiUPU
005 20250731170426.0
008 190207s2013 sp a rb 001 0 spa d
020 _a8420677981
020 _a9788420677989
035 _a(Sirsi) a251626
040 _aPE-LiUPU
_bspa
_cPE-LiUPU
_erda
049 _aPRUA
082 0 4 _a155.3
_bG61
_220
100 1 _aGómez Zapiain, Javier,
_eautor.
245 1 0 _aPsicología de la sexualidad /
_cJavier Gómez Zapiain.
264 1 _aMadrid :
_bAlianza Editorial,
_c2013.
300 _a325 páginas :
_bilustraciones ;
_c24 centímetros
336 _atext
_2rdacontent
337 _aunmediated
_2rdamedia
338 _avolume
_2rdacarrier
504 _aBibliografía: páginas 309-318.
504 _aÍndice: páginas 319-325.
505 0 _aBases conceptuales de la sexualidad -- las actitudes hacia la sexualidad -- identidad sexual -- el deseo sexual y su configuración -- afectos y sentimientos relacionados con el deseo erótico --sexualidad en la infancia y adolescencia -- sexualidad en la vida adulta -- psicología de la respuesta sexual humana -- salud sexual y dificultades sexuales.
526 _aSEG68
526 _aSEG70
526 _aSEG69
526 _aSEG67
526 _aSEG43
526 _aP144
526 _aP143
526 _aP131
526 _aP122
526 _aP120
526 _aP117
526 _aP112
526 _aP110
526 _aP106
526 _aP101
526 _aP80
526 _aP59
526 _aP54
526 _aP35
526 _aP33
526 _aP30
541 _g002-00000795;
650 0 4 _aSexo (Psicología)
650 0 4 _aIdentidad de género.
650 0 4 _aSentimientos.
650 0 4 _aTrastornos sexuales.
910 _adbm
_bksl
_cksl
_d20190207
596 _a1
942 _2ddc
_cBOOK
999 _a155.3 G61
_wDEWEY
_c31001
_i79823
_d31001
_e2019-6-5
_f2021-11-3
_g3
_lCCODEBUL1
_mBUL
_n3
_p34.61
_q2
_r0
_sY
_tBOOK
_u2019-2-7
_xSALUD
_zP33
_0COMPRA
_1FCOMPR2
_o.STAFF. Colección Ciencias de la Salud
980 _81
_gALBERTO SANCHEZ Responsable de Automatización